Masalah semasa alam sekitar Malaysia

Bibliographic Details
Main Author: Ismail Sahid
Format: Book
Published: Bangi : Penerbit UKM , 1985
Subjects:

MARC

LEADER 00000cam a2200000 7i4500
001 0000004580
002 000004939
005 20000330.0
020 |a 9679420531 
090 0 0 |a 363.7   |b ISM 
100 0 |a Ismail Sahid 
245 1 0 |a Masalah semasa alam sekitar Malaysia   |c Ismail Sahid 
260 |a Bangi :   |b Penerbit UKM ,   |c 1985 
300 |a 94p. ;   |c 20cm. 
650 0 0 |a Environment   |x Man   |x Influence of environment 
999 |a 034674   |b BUKU   |c PINJAMAN   |e PERPUSTAKAAN KOMUNITI PETALING JAYA 
999 |a 034675   |b BUKU   |c PINJAMAN   |e PERPUSTAKAAN KOMUNITI PETALING JAYA